Welcome to CU Library Online Public Access Catalogue (OPAC)

Study Guide to Accompany Life/ (Record no. 2011)

MARC details
000 -LEADER
fixed length control field 00534nam a22001697a 4500
005 - DATE AND TIME OF LATEST TRANSACTION
control field 20241209155711.0
008 - FIXED-LENGTH DATA ELEMENTS--GENERAL INFORMATION
fixed length control field 241209b |||||||| |||| 00| 0 eng d
020 ## - INTERNATIONAL STANDARD BOOK NUMBER
International Standard Book Number 9780716732211
050 ## - LIBRARY OF CONGRESS CALL NUMBER
Classification number QH308.2 GLA
100 ## - MAIN ENTRY--PERSONAL NAME
Personal name Glase, Jon C.
245 ## - TITLE STATEMENT
Title Study Guide to Accompany Life/
Remainder of title the science and biology
Statement of responsibility, etc. Jon C. Glase & Jerry A. Waldvogel
250 ## - EDITION STATEMENT
Edition statement 5th ed.
260 ## - PUBLICATION, DISTRIBUTION, ETC.
Place of publication, distribution, etc. Sunderland, Massachusetts
Name of publisher, distributor, etc. Sinauer Associates, Inc.
Date of publication, distribution, etc. 1998
300 ## - PHYSICAL DESCRIPTION
Extent 440p.
Other physical details ill.
Dimensions 28cm
700 ## - ADDED ENTRY--PERSONAL NAME
Personal name Waldvogel, Jerry A.
942 ## - ADDED ENTRY ELEMENTS (KOHA)
Source of classification or shelving scheme Library of Congress Classification
Koha item type Books
Edition 5th ed.
Suppress in OPAC No
999 ## -
-- 2011
-- 2011
Holdings
Withdrawn status Lost status Source of classification or shelving scheme Damaged status Not for loan Collection Home library Current library Shelving location Date acquired Total checkouts Full call number Barcode Date last seen Copy number Price effective from Koha item type
    Library of Congress Classification     Non-fiction Science Library (Miotso) Science Library (Miotso) General stacks 12/09/2024   QH308 VER SLM00001192 12/09/2024 1 12/09/2024 Books
© 2023-2024 Copyright: Central University Libraries. All Rights Reserved | Created by: Mahone Tech Office